ՀՀ Գիտությունների ազգային ակադեմիայի հիմնարար գիտական գրադարան  =   Fundamental Scientific Library of NAS RA

Ակնարկներ սփյուռքահայ հասարակական միտքի պատմության (1920-ական թվականներ) / (Record no. 83912)

MARC details
000 -LEADER
fixed length control field 00822nam a2200205 u 4500
001 - CONTROL NUMBER
control field 000237198
003 - CONTROL NUMBER IDENTIFIER
control field AM-YeHGA
005 - DATE AND TIME OF LATEST TRANSACTION
control field 20250618071610.0
008 - FIXED-LENGTH DATA ELEMENTS--GENERAL INFORMATION
fixed length control field 030619s1994 ai r 000 0 arm d
040 ## - CATALOGING SOURCE
Original cataloging agency AM-YeHGA
041 0# - LANGUAGE CODE
Language code of text/sound track or separate title arm
090 ## - LOCALLY ASSIGNED LC-TYPE CALL NUMBER (OCLC); LOCAL CALL NUMBER (RLIN)
-- 85187
100 1# - MAIN ENTRY--PERSONAL NAME
Personal name Դալլաքյան, Կարլեն Լևոնի,
Dates associated with a name 1929-2008
9 (RLIN) 1293
245 10 - TITLE STATEMENT
Title Ակնարկներ սփյուռքահայ հասարակական միտքի պատմության (1920-ական թվականներ) /
Statement of responsibility, etc. Կ.Լ.Դալլաքյան ; Պատ. խմբ.՝ Էդ. Մելքոնյան.
260 ## - PUBLICATION, DISTRIBUTION, ETC.
Place of publication, distribution, etc. Երևան :
Name of publisher, distributor, etc. Գիտություն,
Date of publication, distribution, etc. 1994.
300 ## - PHYSICAL DESCRIPTION
Extent 462 էջ
650 14 - SUBJECT ADDED ENTRY--TOPICAL TERM
Topical term or geographic name entry element Սփյուռքահայություն
General subdivision Պատմություն
700 1# - ADDED ENTRY--PERSONAL NAME
Personal name Մելքոնյան, Էդուարդ Լևոնի,
Dates associated with a name 1946-
Relator term խմբ.
Relationship edt
9 (RLIN) 3969
942 ## - ADDED ENTRY ELEMENTS (KOHA)
Source of classification or shelving scheme Universal Decimal Classification
Koha item type Գրքեր / Books
Holdings
Withdrawn status Lost status Damaged status Not for loan Collection Home library Current library Date acquired Total checkouts Full call number Barcode Date last seen Copy number Price effective from Koha item type Public note Source of classification or shelving scheme
        General Fundamental Scientific Library Fundamental Scientific Library 22/12/2016   AII/83186 FL0191609 22/12/2016 93(=919.81) 22/12/2016 Գրքեր / Books 30 Days Loan  
        General Fundamental Scientific Library Fundamental Scientific Library 22/12/2016   AII/83453 FL0230858 22/12/2016 93(=919.81) 22/12/2016 Գրքեր / Books 30 Days Loan  
        General Fundamental Scientific Library Fundamental Scientific Library 22/12/2016   AII/83454 FL0199998 22/12/2016 93(=919.81) 22/12/2016 Գրքեր / Books 30 Days Loan  
        General Fundamental Scientific Library Fundamental Scientific Library 22/12/2016   AII/83455 FL0190254 22/12/2016 93(=919.81) 22/12/2016 Գրքեր / Books 30 Days Loan  
        Vache Nalbandyan Individual Collection Fundamental Scientific Library Fundamental Scientific Library 22/12/2016   Nalb/436 FL0276407 22/12/2016   22/12/2016 Գրքեր / Books ILL Non-Circ. Universal Decimal Classification


ՀՀ ԳԱԱ հիմնարար գիտական գրադարան
ՀՀ,Երևան 0019
Մարշալ Բաղրամյան 24/6
հեռախոս:(374-10) 52-47-50
Հետադարձ կապ

All site content, except where otherwise noted, is licensed under a
Creative Commons License